[Event "Landesklasse West 2015/2016"]
[Site "?"]
[Date "2015.11.29"]
[Round "4"]
[White "Löffelholz, Christian"]
[Black "Reum, Jonathan"]
[Result "1/2-1/2"]
[WhiteElo "1642"]
[BlackElo "1626"]
[PlyCount "45"]
[EventDate "2015.??.??"]
[WhiteTeam "Schachclub Rochade Leinefelde"]
[BlackTeam "SG Barchfeld/Breitungen"]

1. e4 c5 2. Nf3 Nc6 3. d4 cxd4 4. Nxd4 d6 5. c3 Nf6 6. Qc2 Bd7 7. Nxc6 Bxc6 8.
Bd3 e6 9. Bg5 Be7 10. Nd2 h6 11. Bh4 Nh5 12. Bg3 Nxg3 13. hxg3 Rc8 14. f4 d5
15. Nf3 Qb6 16. e5 Bd7 17. g4 Qe3+ 18. Qe2 Qxf4 19. Nd4 Bg5 20. Rf1 Qe3 21. Rf3
Qg1+ 22. Rf1 Qe3 23. Rf3 1/2-1/2

[Event "Landesklasse West 2015/2016"]
[Site "?"]
[Date "2015.11.29"]
[Round "4"]
[White "Abe, Rico"]
[Black "Meysing, Gerhard"]
[Result "1/2-1/2"]
[WhiteElo "1651"]
[BlackElo "1487"]
[PlyCount "104"]
[EventDate "2015.??.??"]
[WhiteTeam "SG Barchfeld/Breitungen"]
[BlackTeam "Schachclub Rochade Leinefelde"]

1. e4 e5 2. Nf3 Nc6 3. Bc4 h6 4. d4 exd4 5. Nxd4 Nxd4 6. Qxd4 d6 7. O-O Be6 8.
Bxe6 fxe6 9. Nc3 e5 10. Qd3 Qd7 11. Be3 a6 12. Rfd1 Nf6 13. a4 Be7 14. h3 O-O
15. Qd2 Kh7 16. f3 Rad8 17. Qf2 Qe8 18. Rd2 Qg6 19. Rad1 Nh5 20. Nd5 Rd7 21.
Nxe7 Rxe7 22. Kh2 Nf6 23. Qh4 Ref7 24. c4 Qh5 25. Qxh5 Nxh5 26. c5 dxc5 27.
Bxc5 Re8 28. Rd7 Rxd7 29. Rxd7 b6 30. Be3 c5 31. Rd6 Rb8 32. Re6 Nf4 33. Bxf4
exf4 34. Rc6 g5 35. g3 fxg3+ 36. Kxg3 Kg7 37. Kg4 a5 38. e5 Rf8 39. Rxb6 Rf4+
40. Kg3 Rxa4 41. Rb5 c4 42. Rc5 Rb4 43. Rxa5 Rxb2 44. Rc5 Re2 45. Rxc4 Rxe5 46.
h4 Kg6 47. Rc6+ Kh5 48. hxg5 hxg5 49. Rc8 Re6 50. Rh8+ Rh6 51. Rc8 Rf6 52. Rc5
Kg6 1/2-1/2

[Event "Landesklasse West 2015/2016"]
[Site "?"]
[Date "2015.11.29"]
[Round "4"]
[White "Stöber, Guido"]
[Black "Heß, Wolfgang"]
[Result "1/2-1/2"]
[WhiteElo "1318"]
[BlackElo "1717"]
[PlyCount "53"]
[EventDate "2015.??.??"]
[WhiteTeam "Schachclub Rochade Leinefelde"]
[BlackTeam "SG Barchfeld/Breitungen"]

1. e4 d5 2. exd5 Qxd5 3. Nc3 Qa5 4. Nf3 Nf6 5. Be2 c6 6. d4 Bg4 7. O-O e6 8. a3
Bd6 9. Be3 Qc7 10. h3 Bh5 11. Nd2 Bxe2 12. Qxe2 O-O 13. Rfe1 Nbd7 14. Nde4 Rad8
15. Rad1 Bf4 16. Bxf4 Qxf4 17. Qe3 Qxe3 18. Rxe3 Nd5 19. Nxd5 cxd5 20. Nd2 Rc8
21. c3 Nb6 22. b3 Rc6 23. Nf3 Rfc8 24. Rc1 Nd7 25. Nd2 Nb6 26. f4 a5 27. a4
1/2-1/2

[Event "Thüringenliga 2015/2016"]
[Site "?"]
[Date "2015.10.18"]
[Round "1"]
[White "Schneider, Christian"]
[Black "Silberschlag, Jörg"]
[Result "1-0"]
[WhiteElo "2181"]
[BlackElo "2075"]
[PlyCount "71"]
[EventDate "2015.??.??"]
[WhiteTeam "SG Blau-Weiß Stadtilm"]
[BlackTeam "SC Suhl"]

1. c4 Nf6 2. g3 e5 3. Bg2 d6 4. Nc3 Be7 5. e4 c6 6. Nf3 Bg4 7. h3 Be6 8. Qe2
O-O 9. d4 Qc7 10. O-O a5 11. Be3 Na6 12. Rac1 Rae8 13. dxe5 dxe5 14. Nd5 Nxd5
15. cxd5 Bc8 16. dxc6 bxc6 17. a3 Nb8 18. Qc2 Be6 19. Qc3 f6 20. Nd2 Qb7 21.
Nc4 Bxc4 22. Qxc4+ Kh8 23. Rc2 Rc8 24. h4 c5 25. Bh3 Rc6 26. Rd1 Qb6 27. Rd5
Na6 28. Rd7 Bd6 29. h5 h6 30. Bf5 Rc7 31. Rxc7 Bxc7 32. Rd2 Nb8 33. Bxc5 Qc6
34. b4 axb4 35. axb4 Na6 36. Bd7 1-0

[Event "Thüringenliga 2015/2016"]
[Site "?"]
[Date "2015.10.18"]
[Round "1"]
[White "Eichelmann, Andre"]
[Black "Neubauer, Andreas"]
[Result "0-1"]
[WhiteElo "1901"]
[BlackElo "2056"]
[PlyCount "80"]
[EventDate "2015.??.??"]
[WhiteTeam "SC Suhl"]
[BlackTeam "SG Blau-Weiß Stadtilm"]

1. d4 Nf6 2. c4 e6 3. Nc3 Bb4 4. Bf4 b6 5. e3 Bb7 6. Nf3 Bxc3+ 7. bxc3 O-O 8.
h3 d6 9. Be2 Ne4 10. Qc2 Nd7 11. O-O f5 12. a4 a5 13. Rad1 Qe8 14. Qb3 Bc6 15.
Ra1 h6 16. Qc2 g5 17. Bh2 Rf7 18. d5 exd5 19. Nd4 Ndc5 20. Bh5 Bxa4 21. Bxf7+
Kxf7 22. Qe2 Bd7 23. g4 fxg4 24. f4 g3 25. fxg5+ Kg8 26. Bxg3 Nxg3 27. Qf3 Nce4
28. Rf2 h5 29. Raf1 Bxh3 30. Re1 Bg4 31. Qg2 Qe5 32. Nc6 Qxg5 33. Rf4 Rf8 34.
cxd5 Rxf4 35. exf4 Qxf4 36. Ne7+ Kf7 37. Nc6 h4 38. Nd8+ Kf6 39. Ne6 Bxe6 40.
dxe6 Kxe6 0-1

[Event "Thüringenliga 2015/2016"]
[Site "?"]
[Date "2015.10.18"]
[Round "1"]
[White "George, Tom"]
[Black "Berghof, Axel"]
[Result "1-0"]
[WhiteElo "2032"]
[BlackElo "2046"]
[PlyCount "57"]
[EventDate "2015.??.??"]
[WhiteTeam "SG Blau-Weiß Stadtilm"]
[BlackTeam "SC Suhl"]

1. d4 e6 2. c4 d5 3. Nc3 c6 4. Nf3 f5 5. Bf4 Nf6 6. e3 Be7 7. Bd3 O-O 8. Qc2
Ne4 9. g4 Na6 10. a3 Qa5 11. Ke2 Nxc3+ 12. bxc3 dxc4 13. Bxc4 b5 14. Bb3 c5 15.
a4 c4 16. axb5 Qxb5 17. Ba4 Qd5 18. Ne5 Nb8 19. Rhg1 Bb7 20. gxf5 exf5 21. Bh6
Bf6 22. Rxg7+ Bxg7 23. Rg1 Rf6 24. Bxg7 Rg6 25. Qxf5 Rxg7 26. Rxg7+ Kxg7 27.
Qg5+ Kf8 28. Qf6+ Kg8 29. Be8 1-0

[Event "Thüringenliga 2015/2016"]
[Site "?"]
[Date "2015.10.18"]
[Round "1"]
[White "Feld-Gerdes, Wolfgang"]
[Black "Siebarth, Marco"]
[Result "1-0"]
[WhiteElo "2048"]
[BlackElo "1962"]
[PlyCount "73"]
[EventDate "2015.??.??"]
[WhiteTeam "SC Suhl"]
[BlackTeam "SG Blau-Weiß Stadtilm"]

1. e4 c5 2. Nc3 a6 3. g3 b5 4. Bg2 Bb7 5. d3 e6 6. f4 d5 7. Qe2 d4 8. Nd1 Nf6
9. Nf3 Be7 10. O-O O-O 11. Nf2 Nc6 12. g4 Qc7 13. Ne1 Nd7 14. g5 g6 15. e5 Nb6
16. Ne4 c4 17. Nf6+ Bxf6 18. gxf6 Nb4 19. Bd2 Bxg2 20. Qxg2 N4d5 21. Qg5 Nd7
22. Bb4 Ne3 23. Bd6 Qc6 24. f5 Kh8 25. fxg6 fxg6 26. Bxf8 Rxf8 27. Nf3 Qd5 28.
Rf2 Nf5 29. Qf4 cxd3 30. cxd3 Nc5 31. Rd1 Ne3 32. Qh6 Rf7 33. Ng5 Qd7 34. Nxf7+
Qxf7 35. Rdd2 Ng4 36. Qf4 Nxf2 37. Qxf2 1-0

[Event "Thüringenliga 2015/2016"]
[Site "?"]
[Date "2015.10.18"]
[Round "1"]
[White "Werner, Justus"]
[Black "Müller, Bernd"]
[Result "0-1"]
[WhiteElo "1887"]
[BlackElo "1704"]
[PlyCount "40"]
[EventDate "2015.??.??"]
[WhiteTeam "SG Blau-Weiß Stadtilm"]
[BlackTeam "SC Suhl"]

1. c4 f5 2. Nc3 Nf6 3. d3 e5 4. e4 fxe4 5. dxe4 Bb4 6. Bd2 O-O 7. Nf3 d6 8. h3
b6 9. Qc2 Bb7 10. Nd5 Bc5 11. b4 Bd4 12. Rd1 c6 13. Nxf6+ Qxf6 14. Bg5 Qg6 15.
Nxd4 exd4 16. Bh4 c5 17. f3 Nd7 18. Bd3 Ne5 19. Qc1 Qxg2 20. Rf1 Rxf3 0-1

[Event "Thüringenliga 2015/2016"]
[Site "?"]
[Date "2015.10.18"]
[Round "1"]
[White "Koch, Stefan"]
[Black "Berner, Stephan"]
[Result "1/2-1/2"]
[WhiteElo "1902"]
[BlackElo "1865"]
[PlyCount "80"]
[EventDate "2015.??.??"]
[WhiteTeam "SC Suhl"]
[BlackTeam "SG Blau-Weiß Stadtilm"]

1. e4 c6 2. d4 d5 3. exd5 cxd5 4. Bd3 Nf6 5. c3 Nc6 6. Bf4 Bg4 7. Qb3 Qd7 8.
Nd2 e6 9. Ngf3 a6 10. O-O Bxf3 11. Nxf3 Be7 12. Rae1 O-O 13. Ne5 Nxe5 14. dxe5
Nh5 15. Bc1 g6 16. Qd1 f6 17. Qg4 f5 18. Qf3 Rac8 19. Rd1 Qc7 20. Qe2 Rfd8 21.
f4 Bc5+ 22. Kh1 Qe7 23. Rf3 Qh4 24. Bd2 Qe7 25. Rh3 Qf7 26. Rf1 Be7 27. Be3 Bc5
28. Bd2 Bf8 29. g4 Ng7 30. g5 Ne8 31. Rg3 Bc5 32. h4 Ng7 33. h5 Nxh5 34. Rh3
Ng7 35. Kg2 Ne8 36. Rfh1 Rd7 37. Kf1 Rcd8 38. Qh2 Rc7 39. b4 Bb6 40. Be2 Rdd7
1/2-1/2

[Event "Thüringenliga 2015/2016"]
[Site "?"]
[Date "2015.10.18"]
[Round "1"]
[White "Schröter, Maik"]
[Black "Will, Ralph"]
[Result "1-0"]
[WhiteElo "1764"]
[BlackElo "1735"]
[PlyCount "33"]
[EventDate "2015.??.??"]
[WhiteTeam "SG Blau-Weiß Stadtilm"]
[BlackTeam "SC Suhl"]

1. e4 c5 2. Nf3 d6 3. d4 cxd4 4. Nxd4 Nf6 5. Nc3 g6 6. f3 Bg7 7. Be3 O-O 8. Qd2
Nc6 9. O-O-O Nxd4 10. Bxd4 Qa5 11. Bc4 a6 12. Qf2 Be6 13. Bb6 Qb4 14. Be2 Nd7
15. Bd4 Ne5 16. a3 Nd3+ 17. Rxd3 1-0

[Event "Thüringenliga 2015/2016"]
[Site "?"]
[Date "2015.09.13"]
[Round "1"]
[White "Neidig, Stefan"]
[Black "Hoffmann, Tim"]
[Result "1/2-1/2"]
[WhiteElo "2172"]
[BlackElo "2043"]
[PlyCount "98"]
[EventDate "2015.??.??"]
[WhiteTeam "TSG Apolda"]
[BlackTeam "ESV Gera"]

1. d4 Nf6 2. c4 e6 3. Nc3 Bb4 4. f3 d5 5. a3 Be7 6. e4 dxe4 7. fxe4 e5 8. d5 a5
9. Nf3 Ng4 10. Bd3 Bc5 11. Qe2 O-O 12. Rf1 Nd7 13. h3 Ngf6 14. g4 Qe7 15. Bg5
h6 16. Bh4 c6 17. O-O-O Bd4 18. Qd2 Qd6 19. Ne2 Bb6 20. Ng3 Nc5 21. Bc2 Nh7 22.
Nh5 cxd5 23. cxd5 f6 24. Bf2 Bd7 25. Kb1 Rac8 26. Nh4 Ng5 27. Nf5 Bxf5 28. Bxc5
Rxc5 29. gxf5 Nxh3 30. Bd3 Ng5 31. Rc1 Rfc8 32. Rxc5 Rxc5 33. Qe2 Rc7 34. Rc1
Kf7 35. Rxc7+ Qxc7 36. Bc4 Kf8 37. d6 Qxd6 38. Bd5 Qc7 39. Qb5 Nf3 40. Qe2 Ng5
41. Qb5 Nf7 42. Bb3 Qc6 43. Qe2 Ng5 44. Bd5 Qd7 45. Ka2 Bd4 46. Bb3 Qc6 47. Bd5
Qd7 48. Bb3 Qc6 49. Bd5 Qd7 1/2-1/2

[Event "Thüringenliga 2015/2016"]
[Site "?"]
[Date "2015.09.13"]
[Round "1"]
[White "Puschendorf, Steffen"]
[Black "Middelhoff, Cornelius"]
[Result "1/2-1/2"]
[WhiteElo "2104"]
[BlackElo "2064"]
[PlyCount "58"]
[EventDate "2015.??.??"]
[WhiteTeam "ESV Gera"]
[BlackTeam "TSG Apolda"]

1. d4 Nf6 2. c4 g6 3. f3 Bg7 4. e4 d6 5. Nc3 Nfd7 6. Nh3 Nc6 7. Be3 e5 8. d5
Nd4 9. Qd2 c6 10. Nf2 a5 11. Bd3 Nc5 12. O-O O-O 13. Rae1 Bd7 14. Bb1 Qb6 15.
Nd3 Nxd3 16. Bxd3 Rae8 17. Kh1 Qc7 18. f4 exf4 19. Bxf4 c5 20. Ne2 Nxe2 21.
Rxe2 a4 22. Bh6 Re5 23. Ref2 Bxh6 24. Qxh6 Qd8 25. Rf6 Qe7 26. Qh4 Kg7 27. Qg3
Qxf6 28. Rxf6 Kxf6 29. a3 Kg7 1/2-1/2

[Event "Thüringenliga 2015/2016"]
[Site "?"]
[Date "2015.09.13"]
[Round "1"]
[White "Goemann, Jens"]
[Black "Gläßl, Matthias"]
[Result "1/2-1/2"]
[WhiteElo "2073"]
[BlackElo "2024"]
[PlyCount "30"]
[EventDate "2015.??.??"]
[WhiteTeam "TSG Apolda"]
[BlackTeam "ESV Gera"]

1. g3 g6 2. Bg2 Bg7 3. Nf3 c5 4. c4 Nc6 5. O-O e5 6. Nc3 Nge7 7. Ne1 d6 8. Nc2
O-O 9. Ne3 Rb8 10. Ned5 a6 11. a4 f5 12. d3 Nxd5 13. Nxd5 Be6 14. Bd2 a5 15.
Rb1 Nb4 1/2-1/2

[Event "Thüringenliga 2015/2016"]
[Site "?"]
[Date "2015.09.13"]
[Round "1"]
[White "Schmidt, Frank"]
[Black "Rohmeiß, Roberto"]
[Result "1/2-1/2"]
[WhiteElo "1956"]
[BlackElo "1990"]
[PlyCount "90"]
[EventDate "2015.??.??"]
[WhiteTeam "ESV Gera"]
[BlackTeam "TSG Apolda"]

1. d4 Nf6 2. Nf3 g6 3. c4 c5 4. d5 b5 5. cxb5 a6 6. bxa6 Bxa6 7. Nc3 d6 8. e4
Bxf1 9. Kxf1 Bg7 10. h3 O-O 11. Kg1 Qb6 12. Rb1 Nfd7 13. Qc2 Na6 14. a3 Rfb8
15. Bg5 Qd8 16. Kh2 Rb7 17. Rhe1 Rab8 18. Nd2 Nb6 19. b3 Nc7 20. a4 Qd7 21. Qd3
Ra8 22. Be3 Na6 23. Nb5 Nb4 24. Qe2 Nxa4 25. bxa4 Rxa4 26. Nxd6 exd6 27. Rec1
h6 28. g3 Na2 29. Rxb7 Qxb7 30. Rb1 Rb4 31. Rxb4 cxb4 32. Qc4 Nc3 33. Nb3 Qb5
34. Qxb5 Nxb5 35. Kg2 Kf8 36. Kf3 Ke7 37. Ke2 Nc3+ 38. Kd3 h5 39. f3 f5 40. Bd4
fxe4+ 41. fxe4 Bxd4 42. Nxd4 Kf6 43. Nc6 Nd1 44. Ke2 Nc3+ 45. Kd3 Nd1 1/2-1/2

[Event "Thüringenliga 2015/2016"]
[Site "?"]
[Date "2015.09.13"]
[Round "1"]
[White "Mucha, Annegret"]
[Black "Hilbig, Dieter"]
[Result "1/2-1/2"]
[WhiteElo "2005"]
[BlackElo "1859"]
[PlyCount "173"]
[EventDate "2015.??.??"]
[WhiteTeam "TSG Apolda"]
[BlackTeam "ESV Gera"]

1. e4 c5 2. Nc3 Nc6 3. Bb5 Nd4 4. Bc4 e6 5. Nge2 Nxe2 6. Qxe2 d6 7. O-O Be7 8.
f4 Nf6 9. d3 O-O 10. Bb3 b6 11. Bd2 Bb7 12. Rae1 Re8 13. f5 exf5 14. Rxf5 Bc8
15. Rff1 Be6 16. Bxe6 fxe6 17. e5 dxe5 18. Qxe5 Bd6 19. Qg5 a6 20. Qh4 Nd5 21.
Qg4 Nf6 22. Qh3 Qc8 23. Re2 e5 24. Qh4 Qg4 25. Qxg4 Nxg4 26. Ne4 Be7 27. h3 Nf6
28. Ng3 Nd7 29. Bc3 Bd6 30. Ne4 Bc7 31. Ng5 Re7 32. Ref2 Nf6 33. Ne4 Nxe4 34.
dxe4 Rd8 35. Rf5 g6 36. Rf6 Kg7 37. Rc6 Kg8 38. Rcf6 Kg7 39. Rc6 Kg8 40. a3
Rdd7 41. b4 cxb4 42. axb4 Rf7 43. Ra1 a5 44. bxa5 bxa5 45. Bxa5 Bd6 46. Bb6 Rf4
47. Re1 Bb4 48. c3 Ba3 49. Bf2 Rff7 50. Bg3 Bd6 51. Rf1 Rfe7 52. Bh4 Re8 53.
Bg5 Bf8 54. Bf6 Bh6 55. h4 Bf4 56. Bg5 Bg3 57. Rcf6 Kg7 58. R6f3 Bf4 59. Bxf4
exf4 60. Rxf4 Rc7 61. R1f3 Rec8 62. e5 Rxc3 63. Rf7+ Kg8 64. Kf2 Rxf3+ 65. Rxf3
Re8 66. Re3 Re6 67. Kf3 Kf7 68. Ke4 Ra6 69. Rd3 Ke6 70. g4 Ra4+ 71. Rd4 Ra6 72.
h5 Rb6 73. Kf4 gxh5 74. gxh5 Ra6 75. Rc4 Rb6 76. Rc7 Rb4+ 77. Kg5 Kxe5 78. Rxh7
Rb1 79. Re7+ Kd6 80. Ra7 Ke5 81. Ra5+ Ke6 82. Kh6 Rg1 83. Rg5 Rxg5 84. Kxg5 Kf7
85. h6 Kg8 86. Kg6 Kh8 87. h7 1/2-1/2

[Event "Thüringenliga 2015/2016"]
[Site "?"]
[Date "2015.09.13"]
[Round "1"]
[White "Steinmüller, Johannes"]
[Black "Carnot, Luca"]
[Result "1-0"]
[WhiteElo "1722"]
[BlackElo "1811"]
[PlyCount "99"]
[EventDate "2015.??.??"]
[WhiteTeam "ESV Gera"]
[BlackTeam "TSG Apolda"]

1. e4 c5 2. Nf3 Nc6 3. d4 cxd4 4. Nxd4 g6 5. Nc3 Bg7 6. Be3 Nf6 7. Bc4 O-O 8.
Bb3 a5 9. a4 Ng4 10. Qxg4 Nxd4 11. Qh4 Nxb3 12. cxb3 Bf6 13. Bg5 Ra6 14. O-O
Re6 15. Bxf6 exf6 16. Nd5 d6 17. f3 Bd7 18. Qf2 Bc6 19. Rfd1 Rfe8 20. Qb6 Qxb6+
21. Nxb6 f5 22. exf5 Re2 23. Nc4 d5 24. Nxa5 Rxb2 25. Re1 Rxe1+ 26. Rxe1 gxf5
27. Kf1 Kg7 28. Re2 Rb1+ 29. Kf2 Kf6 30. f4 Rd1 31. Rc2 Rd4 32. g3 Rb4 33. Nxc6
bxc6 34. Rxc6+ Ke7 35. Rc3 d4 36. Rd3 Kd6 37. Kf3 Kd5 38. Ke2 Ke4 39. Kd2 Rb6
40. Ke2 Rh6 41. h4 Rc6 42. b4 Rc2+ 43. Rd2 d3+ 44. Kd1 Rc4 45. Rb2 Ke3 46. a5
d2 47. Rb3+ Kd4 48. Kxd2 Kd5 49. b5 Rd4+ 50. Rd3 1-0

[Event "Thüringenliga 2015/2016"]
[Site "?"]
[Date "2015.09.13"]
[Round "1"]
[White "Maiwald, Harald"]
[Black "Stark, Volker"]
[Result "1-0"]
[WhiteElo "1922"]
[BlackElo "1713"]
[PlyCount "72"]
[EventDate "2015.??.??"]
[WhiteTeam "TSG Apolda"]
[BlackTeam "ESV Gera"]

1. Nf3 c5 2. g3 Nc6 3. d4 cxd4 4. Nxd4 Nxd4 5. Qxd4 Nf6 6. Bg2 g6 7. c4 Bg7 8.
Nc3 O-O 9. O-O d6 10. Qd3 Rb8 11. Be3 b6 12. Bd4 Bd7 13. Rac1 Qc8 14. Bxf6 Bxf6
15. Nd5 Kg7 16. Nxf6 exf6 17. Qxd6 Bh3 18. Rfd1 Bxg2 19. Kxg2 Rb7 20. b4 Re8
21. e3 Rc7 22. c5 Re5 23. Rd5 Re6 24. Qf4 Qb7 25. Qf3 Qa6 26. Rc2 Qa4 27. Rb2
Qa3 28. cxb6 Rxb6 29. Rbd2 Qxb4 30. R5d4 Qb5 31. a4 Qc6 32. h4 Ra6 33. Qxc6
Raxc6 34. Kf3 Ra6 35. Rb2 Rc5 36. Rb7 Rac6 1-0

[Event "Thüringenliga 2015/2016"]
[Site "?"]
[Date "2015.09.13"]
[Round "1"]
[White "Kupper, Matthias"]
[Black "Schmidt, Matthias"]
[Result "1/2-1/2"]
[WhiteElo "1741"]
[BlackElo "1950"]
[PlyCount "37"]
[EventDate "2015.??.??"]
[WhiteTeam "ESV Gera"]
[BlackTeam "TSG Apolda"]

1. e4 g6 2. d4 Bg7 3. Nc3 d6 4. Be3 Nd7 5. f4 Nb6 6. e5 Nh6 7. Nf3 O-O 8. Be2
f6 9. exd6 exd6 10. Qd2 Be6 11. O-O-O c6 12. h3 Bc4 13. Bd3 d5 14. g4 Bxd3 15.
Qxd3 Nc4 16. Rde1 Qd6 17. Kb1 Nxe3 18. Qxe3 Rae8 19. Qd2 1/2-1/2

[Event "Thüringenliga 2015/2016"]
[Site "?"]
[Date "2015.09.13"]
[Round "1"]
[White "Steinacker, Alex"]
[Black "Pähtz, Thomas"]
[Result "1/2-1/2"]
[WhiteElo "2177"]
[BlackElo "2317"]
[PlyCount "42"]
[EventDate "2015.??.??"]
[WhiteTeam "Erfurter Schachklub"]
[BlackTeam "Ilmenauer SV"]

1. g3 d5 2. Nf3 c6 3. Bg2 Bg4 4. O-O Nd7 5. d3 Ngf6 6. Nbd2 e5 7. e4 Bd6 8. h3
Bh5 9. Re1 O-O 10. Nb3 dxe4 11. dxe4 Bc7 12. Qe2 a5 13. a4 Qe7 14. Qc4 Rfe8 15.
Bd2 Qe6 16. Qxe6 Rxe6 17. Bc3 Ree8 18. Rad1 h6 19. g4 Bg6 20. Nh4 b5 21. Ra1 b4
1/2-1/2

[Event "Thüringenliga 2015/2016"]
[Site "?"]
[Date "2015.09.13"]
[Round "1"]
[White "Zehnter, Sebastian"]
[Black "Vökler, Bernd"]
[Result "1/2-1/2"]
[WhiteElo "2196"]
[BlackElo "2271"]
[PlyCount "65"]
[EventDate "2015.??.??"]
[WhiteTeam "Ilmenauer SV"]
[BlackTeam "Erfurter Schachklub"]

1. e4 c5 2. Nf3 d6 3. d4 cxd4 4. Nxd4 Nf6 5. Nc3 a6 6. g3 Bd7 7. Bg2 Nc6 8.
Nde2 e6 9. O-O Be7 10. h3 h5 11. Be3 b5 12. f4 Rc8 13. Qd2 Qc7 14. Nd1 O-O 15.
b3 d5 16. e5 Ne4 17. Bxe4 dxe4 18. Nf2 Nb4 19. c3 Nd5 20. Nxe4 Nxe3 21. Qxe3
Bc6 22. Kh2 Rfd8 23. Rac1 Bxe4 24. Qxe4 Rd2 25. Rc2 Rcd8 26. Rfc1 h4 27. Kg2
Ba3 28. Rf1 hxg3 29. Kxg3 R8d3+ 30. Rf3 Rxf3+ 31. Kxf3 Rd1 32. b4 Qd8 33. Nd4
1/2-1/2

[Event "Thüringenliga 2015/2016"]
[Site "?"]
[Date "2015.09.13"]
[Round "1"]
[White "Krüger, Rainer"]
[Black "Mehlhorn, Uwe"]
[Result "1/2-1/2"]
[WhiteElo "2102"]
[BlackElo "2097"]
[PlyCount "35"]
[EventDate "2015.??.??"]
[WhiteTeam "Erfurter Schachklub"]
[BlackTeam "Ilmenauer SV"]

1. Nf3 b5 2. g3 Bb7 3. Bg2 e6 4. O-O d5 5. d4 c5 6. dxc5 Bxc5 7. Qd3 Qb6 8.
Nbd2 Nf6 9. Nb3 Nbd7 10. a4 bxa4 11. Rxa4 Ne4 12. Be3 Bxe3 13. Qxe3 Qxe3 14.
fxe3 Nb6 15. Rb4 O-O 16. Ne5 Nd6 17. Nc5 f6 18. Nxb7 1/2-1/2

[Event "Thüringenliga 2015/2016"]
[Site "?"]
[Date "2015.09.13"]
[Round "1"]
[White "Möller, Axel"]
[Black "Duzy, Stefan"]
[Result "1/2-1/2"]
[WhiteElo "2007"]
[BlackElo "1909"]
[PlyCount "61"]
[EventDate "2015.??.??"]
[WhiteTeam "Ilmenauer SV"]
[BlackTeam "Erfurter Schachklub"]

1. d4 Nf6 2. c4 c5 3. d5 e6 4. Nc3 exd5 5. cxd5 d6 6. e4 g6 7. Nf3 Bg7 8. Be2
O-O 9. O-O Na6 10. Nd2 Ne8 11. Nc4 f5 12. Re1 Bxc3 13. bxc3 fxe4 14. Nd2 Nf6
15. Bxa6 bxa6 16. Nxe4 Nxe4 17. Rxe4 Qf6 18. Bh6 Bf5 19. Re3 Rfe8 20. Qe2 Rxe3
21. Qxe3 Bd7 22. Re1 Qf7 23. Qg5 Re8 24. Rxe8+ Qxe8 25. h4 Qe1+ 26. Kh2 Qe5+
27. Qxe5 dxe5 28. c4 Bf5 29. Be3 Bd3 30. Bxc5 Kf7 31. a3 1/2-1/2

[Event "Thüringenliga 2015/2016"]
[Site "?"]
[Date "2015.09.13"]
[Round "1"]
[White "Burkhardt, Kai"]
[Black "Töpfer, Albrecht"]
[Result "1/2-1/2"]
[WhiteElo "1835"]
[BlackElo "1977"]
[PlyCount "63"]
[EventDate "2015.??.??"]
[WhiteTeam "Erfurter Schachklub"]
[BlackTeam "Ilmenauer SV"]

1. e4 c5 2. Nf3 d6 3. Bb5+ Bd7 4. c4 Nc6 5. d4 cxd4 6. Bxc6 bxc6 7. Qxd4 Nf6 8.
Nc3 g6 9. b3 Bg7 10. Bb2 O-O 11. O-O Qa5 12. Qd3 Qh5 13. h3 a5 14. Rad1 Rfb8
15. Ba1 c5 16. Nb5 Bxb5 17. cxb5 a4 18. e5 Ne8 19. Rfe1 Qf5 20. Qc4 Qe6 21.
exd6 Qxc4 22. bxc4 Bxa1 23. Rxa1 Nxd6 24. Ne5 Rb7 25. Rac1 a3 26. Nd3 Rc7 27.
Re5 Kf8 28. Rxc5 Rxc5 29. Nxc5 Rc8 30. Nd7+ Ke8 31. Ne5 Nxb5 32. Kf1 1/2-1/2

[Event "Thüringenliga 2015/2016"]
[Site "?"]
[Date "2015.09.13"]
[Round "1"]
[White "Falk, Kristoffer"]
[Black "Troyke, Doreen"]
[Result "1/2-1/2"]
[WhiteElo "1880"]
[BlackElo "1984"]
[PlyCount "39"]
[EventDate "2015.??.??"]
[WhiteTeam "Ilmenauer SV"]
[BlackTeam "Erfurter Schachklub"]

1. d4 d5 2. c4 e6 3. Nf3 Nf6 4. g3 Be7 5. Bg2 O-O 6. O-O c6 7. Qc2 Nbd7 8. b3
b6 9. Nbd2 Bb7 10. Bb2 Rc8 11. Rad1 c5 12. Ne5 cxd4 13. Bxd4 Nxe5 14. Bxe5 Nd7
15. Bb2 Qc7 16. Qb1 dxc4 17. Bxb7 Qxb7 18. Nxc4 Rc7 19. Rc1 b5 20. Ne5 1/2-1/2

[Event "Thüringenliga 2015/2016"]
[Site "?"]
[Date "2015.09.13"]
[Round "1"]
[White "Streltsyn, Grygoriy"]
[Black "Brandt, Wolfgang"]
[Result "1-0"]
[WhiteElo "2075"]
[BlackElo "1420"]
[PlyCount "61"]
[EventDate "2015.??.??"]
[WhiteTeam "Erfurter Schachklub"]
[BlackTeam "Ilmenauer SV"]

1. d4 d5 2. Nf3 Nf6 3. Bg5 e6 4. e3 Be7 5. Bd3 Nbd7 6. Nbd2 O-O 7. Qe2 h6 8.
Bh4 Nh7 9. Bxe7 Qxe7 10. e4 Qb4 11. O-O-O Nb6 12. a3 Qe7 13. e5 Nd7 14. h4 c5
15. c3 f6 16. g4 cxd4 17. exf6 Qxf6 18. cxd4 Nb6 19. g5 Qf4 20. Rdg1 Nc4 21.
gxh6 Qxh6 22. Rg6 Qh5 23. Rhg1 Rf7 24. Nxc4 dxc4 25. Bxc4 b5 26. Bxe6 Bxe6 27.
Qxe6 Qf5 28. Rxg7+ Kh8 29. Qxf7 Rc8+ 30. Kd2 Rc2+ 31. Ke3 1-0

[Event "Thüringenliga 2015/2016"]
[Site "?"]
[Date "2015.09.13"]
[Round "1"]
[White "Schenk, Stefan"]
[Black "Held, Martin"]
[Result "1-0"]
[WhiteElo "1869"]
[BlackElo "1685"]
[PlyCount "105"]
[EventDate "2015.??.??"]
[WhiteTeam "Ilmenauer SV"]
[BlackTeam "Erfurter Schachklub"]

1. e4 e5 2. Nf3 Nc6 3. Bb5 a6 4. Ba4 Nf6 5. d3 b5 6. Bb3 Bc5 7. O-O Bb7 8. c3
d5 9. d4 exd4 10. cxd4 Bb6 11. e5 Ne4 12. Nc3 Nxc3 13. bxc3 O-O 14. Qd3 Ne7 15.
Ba3 Re8 16. Ng5 Ng6 17. Qf5 f6 18. Nxh7 Kxh7 19. Qh5+ Kg8 20. Qxg6 fxe5 21.
dxe5 Rxe5 22. Bc2 Qh4 23. Bf5 Rae8 24. g3 Qf6 25. Qh7+ Kf7 26. Qh5+ Kg8 27.
Bh7+ Kh8 28. Bf5+ Kg8 29. Bh7+ Kh8 30. Qh3 Qh6 31. Qxh6 gxh6 32. Bg6 R8e6 33.
Bd3 c5 34. Rad1 Bc6 35. Bc1 a5 36. Bf4 c4 37. Bxe5+ Rxe5 38. Bb1 b4 39. cxb4
axb4 40. Rfe1 Bc7 41. Rxe5 Bxe5 42. Re1 Bc3 43. Re6 Ba4 44. Rxh6+ Kg7 45. Ra6
Bd1 46. Kf1 d4 47. Rd6 Bf3 48. Bf5 b3 49. axb3 cxb3 50. Bd3 Bd1 51. f4 b2 52.
h3 Ba4 53. Rb6 1-0

[Event "Thüringenliga 2015/2016"]
[Site "?"]
[Date "2015.09.13"]
[Round "1"]
[White "Kölsch, Maximilian"]
[Black "Darr, Sascha"]
[Result "1-0"]
[WhiteElo "2192"]
[BlackElo "2066"]
[PlyCount "77"]
[EventDate "2015.??.??"]
[WhiteTeam "SV Schott Jena"]
[BlackTeam "SV Jenapharm Jena"]

1. Nf3 Nf6 2. c4 g6 3. Nc3 Bg7 4. e4 d6 5. d4 O-O 6. h3 e5 7. d5 a5 8. Be3 Na6
9. Be2 Nh5 10. Qd2 f5 11. exf5 gxf5 12. g4 f4 13. gxh5 fxe3 14. Qxe3 Qf6 15.
Rg1 Kh8 16. Ne4 Qf4 17. Nfg5 Bh6 18. Rg2 Nb4 19. Kd2 Bf5 20. Qxf4 exf4 21. f3
Rae8 22. a3 Na6 23. Bd3 Bg7 24. Rb1 Bd4 25. h6 Re7 26. Kc2 Rg8 27. h4 Rg6 28.
Re1 Be3 29. Kc3 Bxe4 30. Bxe4 Rxh6 31. b4 Rxh4 32. Rb1 Rg7 33. Rbb2 Bc1 34.
Rbe2 h6 35. Ne6 Rxg2 36. Rxg2 Bxa3 37. Nf8 Bxb4+ 38. Kc2 Rh1 39. Bh7 1-0

[Event "Thüringenliga 2015/2016"]
[Site "?"]
[Date "2015.09.13"]
[Round "1"]
[White "August, Daniel"]
[Black "Babrikowski, Peter"]
[Result "1/2-1/2"]
[WhiteElo "2011"]
[BlackElo "2102"]
[PlyCount "71"]
[EventDate "2015.??.??"]
[WhiteTeam "SV Jenapharm Jena"]
[BlackTeam "SV Schott Jena"]

1. c4 c5 2. g3 Nc6 3. Bg2 g6 4. Nc3 Bg7 5. a3 Nf6 6. Rb1 d6 7. b4 Bf5 8. d3 Qc8
9. e4 Bd7 10. Nge2 O-O 11. O-O e5 12. Bg5 Rb8 13. Bxf6 Bxf6 14. Nd5 Qd8 15. b5
Nd4 16. Nxd4 exd4 17. f4 Be6 18. Nxf6+ Qxf6 19. f5 Bd7 20. Rb2 Qg5 21. Rbf2
Rbe8 22. f6 h5 23. Rf4 Bg4 24. Qe1 b6 25. h3 Bd7 26. Qf2 Bc8 27. Kh2 Kh7 28.
Rh4 Rh8 29. g4 Kg8 30. gxh5 Rxh5 31. Rxh5 Qxh5 32. Qg3 Re5 33. Bf3 Qg5 34. Bg4
Be6 35. Rf4 Bxg4 36. hxg4 1/2-1/2